| 000 | 00557nam a2200205Ia 4500 | ||
|---|---|---|---|
| 005 | 20250508164736.0 | ||
| 008 | 008 250505s9999 xx 000 0 eng d | ||
| 020 | _a81-88789-43-7 | ||
| 037 | _aTextual | ||
| 040 |
_aFEDL _beng _cFEDL |
||
| 041 |
_aeng _2eng |
||
| 084 |
_a320.54, JAF _qFEDL |
||
| 100 | _aJaffrelot Christophe Ed. | ||
| 245 | 0 | _aHindu nationalism: A reader | |
| 260 |
_aRanikhet, India _bPermanent Black _c2009 |
||
| 300 | _ax,391p. | ||
| 365 |
_aINR _b395 |
||
| 942 |
_cTEXL _h320.54, JAF |
||
| 999 |
_c1390856 _d1390856 |
||